000 00504nab#a2200181#c#4500
999 _c87564
_d87564
003 IEF
005 20191205105107.0
008 950704s1976 uuu|| #####0 b| |u
040 _aIEF
_cES-MaIEF
100 1 _aAlbi Ibáñez, Emilio
_9257
245 _aClásicos del enfoque de la capacidad de pago
_c Emilio Albi Ibáñez
260 _c1976
650 4 _aCAPACIDAD CONTRIBUTIVA
_953207
773 0 _tHacienda pública española
_w34570
_g39, p. 169-171
942 _2udc
942 _2udc